Estudios sobre Urso: colonia Iulia Genetiva

Saved in:
Bibliographic Details
Main Author: González Fernández, Julián (Author)
Format: Book
Language:Spanish
Published: Sevilla, España Alfar 1989
Series:Colección Alfar. Universidad, 45
Subjects:
Tags: Add Tag
No Tags, Be the first to tag this record!

MARC

LEADER 00000cam a2200000 a 4500
001 UCD8713
003 CL-VaPUC
005 20210521001554.0
008 170519e19890000sp |||||||||||||||||spa|d
999 |c 368022  |d 368020 
020 |a 8486256739 
040 |c Pontificia Universidad Católica de Valparaíso 
082 0 4 |a 936.601 GON 1989  |2 21 
100 |a González Fernández, Julián  |e author  |9 592186 
245 1 0 |a Estudios sobre Urso:  |b  colonia Iulia Genetiva 
260 |a Sevilla, España  |b Alfar  |c 1989 
300 |a 446 páginas 
490 0 |a Colección Alfar. Universidad,  |v  45 
583 |a last modification  |c 20170519 15:42:00  |k Rodrigo Vera 
650 0 |a Historia antigua  |9 267521 
650 0 |a Historia de España  |9 315435 
852 |a BIBCUR 
942 |c BK  |2 ddc 
945 |d 20170519 15:42:00  |a arojas 
952 |0 0  |1 0  |2 ddc  |3 erb  |4 0  |6 936_601000000000000_GON_1989  |7 0  |8 A  |9 483272  |a FDOLAF  |b FDOLAF  |e Laffi, Umberto, 1939-  |i 5391865  |o 936.601 GON 1989  |p 5391865  |r 2024-01-30  |t 1  |w 2019-11-24  |y BK  |z Catalogado en:20170519  |k LAF